000 00689nam a2200265Ia 4500
003 OSt
005 20221007104643.0
006 a|||||r|||| 00| 0
007 ta
008 221006b |||||||| |||| 00| 0 eng d
024 _a16,474
037 _cTextual
040 _aLCO
_cLCO
_beng
041 _2eng
_aeng
082 _aZ73,75,15, M1
100 _aWeston P.B.
_9706200
245 0 _aAdministration of Justice
250 _a4th
260 _aEnglewood
_bPrentice Hall U.S.A
_c1981
300 _a306
650 _aADMINISTRATION
700 _a Wells K.M.
_9706201
942 _hZ73,75,15, M1
_cTEXL
999 _c1186037
_d1186037